000 00468nam a2200205Ia 4500
001 12585
003 GE_BSU
008 181216s||||||||xx |||||||||||||| ||und||
020 _a9780755332403
040 _cGE_BSU
080 _a821.111-32
100 _aVincenzi,Penny
245 _aNo Angel The Spoils of Time:1
260 _aLondon
260 _bHeadline review
260 _c2000
300 _a724p.20cm.
653 _aNo Angel The Spoils of Time
942 _cBK
999 _c45758
_d45758